000
00215 a2200097 4500
001
11005
100
_a
Matheson, S.
245
_a
The Tigers of Baluchistan
260
_a
_b
Oxford University
_c
090
_c
8573
_d
8573
942
_a
NUST-CAE
_c
M
_c
35348
999
_c
246078
_d
246078